Statistics for Top 10 Champions League 2010s Scorers

Click here to take the quiz!

General Stats

  • This quiz has been taken 154 times
  • The average score is 9 of 10

Answer Stats

RkPlayerMain TeamGoals% Correct
1Cristiano RonaldoReal Madrid111
100%
2Lionel MessiBarcelona95
99%
9NeymarBarcelona32
99%
7Sergio AgüeroManchester City34
97%
4Karim BenzemaReal Madrid48
96%
3Robert LewandowskiBayern Munich53
96%
5Thomas MüllerBayern Munich41
96%
6Edinson CavaniParis Saint-Germain34
90%
10Arjen RobbenBayern Munich25
83%
8Zlatan IbrahimovićParis Saint-Germain33
83%

Score Distribution

Percentile by Number Answered

Percent of People with Each Score

Your Score History

You have not taken this quiz